Normal view
MARC view
- Baxter, Martin,
Entry Personal Name
001 - CONTROL NUMBER
- control field: 402680
003 - CONTROL NUMBER IDENTIFIER
- control field: KE-NaSUL
005 - DATE AND TIME OF LATEST TRANSACTION
- control field: 20250829211837.0
008 - FIXED-LENGTH DATA ELEMENTS
- fixed length control field: 250829|| aca||aabn | a|a d
040 ## - CATALOGING SOURCE
- Original cataloging agency: KE-NaSUL
- Transcribing agency: KE-NaSUL
100 ## - HEADING--PERSONAL NAME
- Personal name: Baxter, Martin,
- Dates associated with a name: 1968-
670 ## - SOURCE DATA FOUND
- Source citation: Work cat.: (KE-NaSUL)309149: Baxter, Martin, 1968-, Financial calculus :, 1996.